000 00486 a2200181 4500
005 20250604121158.0
008 250604b |||||||| |||| 00| 0 eng d
020 _a9789359476759
_cRs. 250.00
040 _aMAIN
082 _a954
_bS64A
100 _aSiṅghal, Prabhāt Kumār
245 _aAdbhuta Bhārat: Madhya Bhārat
260 _bSāhityāgāra
_c2024
_aJaipur
300 _a125
650 _aIndia- Civilization
650 _aIndia- Description and Travel
942 _cBK
999 _c361147
_d361147